| 000 | 00000nam 2200000za 4500 |
| 001 | 9.855937 |
| 003 | CaOODSP |
| 005 | 20221107155423 |
| 007 | cr ||||||||||| |
| 008 | 180430q2014 abc o f000 0 fre d |
| 040 | |aCaOODSP|bfre |
| 043 | |an-cn--- |
| 086 | 1 |aIu92-4/53-2014F-PDF |
| 110 | 1 |aCanada. |bDiversification de l'économie de l'Ouest Canada. |
| 245 | 10|aDébouchés d’approvisionnement fédéral en matière de défense |h[ressource électronique]. |
| 260 | |a[Edmonton] : |bDiversification de l'économie de l'Ouest Canada, |c[2014?] |
| 300 | |a[1] p. |
| 500 | |aPubl. aussi en anglais sous le titre : Federal defence procurement opportunities. |
| 692 | 07|2gccst|aAchat |
| 692 | 07|2gccst|aIndustrie de la défense |
| 775 | 08|tFederal defence procurement opportunities |w(CaOODSP)9.846422 |
| 856 | 40|qPDF|s303 Ko|uhttps://publications.gc.ca/collections/collection_2018/deo-wd/Iu92-4-53-2014-fra.pdf |